[Event "Boskovic Memorial"]
[Site "Belgrade"]
[Date "2000.10.03"]
[Round "1"]
[White "Markovic, Miroslav"]
[Black "Georgiev, Kiril"]
[Result "1/2-1/2"]
[WhiteElo "2558"]
[BlackElo "2661"]
[Annotator "Rogozenco,D"]
[PlyCount "50"]
[EventDate "2000.10.03"]
[EventType "tourn"]
[EventRounds "9"]
[EventCountry "YUG"]
[EventCategory "14"]
[SourceTitle "CBM 080"]
[Source "ChessBase"]
[SourceDate "2001.01.25"]
[SourceVersion "1"]
[SourceVersionDate "2001.01.25"]
[SourceQuality "1"]

1. c3 {the move order of the first 2 moves is probably wrong.} Nf6 2. e4 c5 (
2... Nxe4) 3. e5 Nd5 4. Nf3 Nc6 5. d4 cxd4 6. Bc4 Nb6 7. Bb3 d5 8. exd6 Qxd6 9.
O-O Be6 10. Bxe6 Qxe6 11. Nxd4 Nxd4 12. Qxd4 Rd8 13. Qh4 Qe2 {This line was
considered for a long time to be the main in the 2.c3 Nf6 Sicilian. But the
practice has proved that Black is out of danger and White started to look for
early deviations. Anyway, Black still needs to be careful in order to finish
the development.} 14. Be3 e6 (14... Qxb2 {This is the main move, which leads
after complications to positions in which White has a Rook, pawn and some
initiative vs. 2 pieces. Although those positions are close to equal, a reach
play is possible for both sides. The text is less ambitious.} 15. Nd2 Rxd2 $13)
15. Bxb6 {The only way to achieve a slight edge.} (15. Nd2 Be7 16. Qg3 O-O {
is a well-known equal line.} 17. Bh6 (17. Rfe1 Qd3 18. Nf3 Bf6 19. Bd4 Bxd4 20.
Nxd4 Qxg3 21. hxg3 Rd5 $11 {1/2-1/2 Prizant,M-Williams/ENG-chT corr 1992 (33)})
17... Bf6 18. Rfe1 Qh5 19. Be3 Rd3 20. Qf3 Qxf3 21. Nxf3 {1/2-1/2 Sveshnikov,
E-Kiselev,S/Moscow 1987}) 15... axb6 16. Na3 Bxa3 17. Qa4+ Ke7 18. Qxa3+ Rd6
19. Qb4 (19. Rfe1 Qa6 (19... Qh5 $5) 20. Qb4 Qa5 21. Qe4 Qd5 (21... Rd7 22.
Rad1 Rhd8 23. Rxd7+ Rxd7 24. Qxh7 Qxa2 25. Qxg7 Qxb2 26. h4 $16) 22. Qg4 g6 23.
Rad1 Qc5 24. Rxd6 Qxd6 25. Rd1 Qe5 26. Qb4+ Qc5 27. Qe4 $14 {1-0 Kalugin,
S-Goloshchapov,A/Orel 1997 (47)}) 19... Qh5 (19... Rhd8 {was possible as well:}
20. Qh4+ $140 Kf8 21. Qxh7 $2 Rd1 $19 22. Qh8+ Ke7 23. Qh4+ f6 24. Qb4+ Kf7 $19
) 20. Rad1 Rhd8 21. Rxd6 Rxd6 22. Qe4 Rd7 {The position looks with a slight
edge for White thanks to the structure. But Black has active pieces and can
easily defend the doubled pawns, so in fact White has nothing real.} 23. Qb4+
Rd6 24. Qe4 Rd7 25. Qb4+ Rd6 1/2-1/2

[Event "EU-ch 4th"]
[Site "Istanbul"]
[Date "2003.06.01"]
[Round "3"]
[White "Potkin, Vladimir"]
[Black "Chuchelov, Vladimir"]
[Result "0-1"]
[WhiteElo "2522"]
[BlackElo "2592"]
[Annotator "Rogozenco,D"]
[PlyCount "70"]
[EventDate "2003.05.30"]
[EventType "swiss"]
[EventRounds "13"]
[EventCountry "TUR"]
[SourceTitle "CBM 096"]
[Source "ChessBase"]
[SourceDate "2003.09.25"]
[SourceVersion "1"]
[SourceVersionDate "2003.09.25"]
[SourceQuality "1"]

1. e4 c5 2. Nf3 e6 3. c3 Nf6 4. e5 Nd5 5. d4 cxd4 6. cxd4 d6 7. Bc4 Nb6 8. Bd3
dxe5 9. dxe5 N8d7 {The knight goes to c5, in order to exchange queens. Most
endgames are favourable for Black in this variation.} (9... Na6 $5 {with
similar idea.}) 10. Qe2 (10. O-O Nc5 11. Bc2 Qxd1 12. Rxd1 Bd7 $11 {[%cal
Ga8c8]}) 10... Nc5 11. Bc2 Nd5 {White's hopes in such pawn structure are
connected with the future attack on the kingside, but two strong centralized
knights secure Black good counterplay.} 12. O-O Bd7 13. a3 Be7 (13... a5 {
This is not necessary at all} 14. Nd4 Rc8 15. Nd2 Qb6 16. Qg4 g6 17. Rd1 Qc7
18. N2f3 Bg7 19. Qh4 h6 20. Bd2 a4 21. Re1 Qb6 $132 {1/2-1/2 Turov,
M-Voitsekhovsky,S/St Petersburg 2002 (43)}) 14. Nd4 (14. Rd1 Qb6 15. Nd4 Rc8
16. Nd2 Ba4 17. Nc4 Qa6 18. Bxa4+ Nxa4 19. Ne3 Qxe2 20. Nxe2 Ndb6 $15 {0-1
Aldrovandi,C-Adla,D/Orense 2002 (76)}) (14. b4 Na4 {[%csl Rc3]}) 14... Qb6 $1
15. Qg4 g6 $1 {The point. Black doesn't need to hurry with short castle, since
he has enough resources to create counterplay on the queenside and in the
center while keeping the king on e8.} 16. b4 {This in fact only weakens the
queenside even more.} Na4 17. Re1 {White has problems to find a target for
attack.} (17. Bb3 Rc8 $1 $36 ({The tempting} 17... h5 18. Qe4 Nac3 19. Nxc3
Nxc3 {doesn't work perfectly because of} 20. Qf3 (20. Qd3 $4 Qxd4 $19) 20...
Qxd4 21. Bb2 Rc8 22. Rac1)) 17... Rc8 18. Bb3 h5 {[%mdl 8192]} 19. Qd1 $4 {
A blunder in worse position.} (19. Qe4 $8 Nc5 $5 (19... Bc5 $2 {doesn't work:}
20. bxc5 Nxc5 21. Qf3 $18) 20. bxc5 Bxc5 {and now White must look for
compensation in one of the following positions} 21. Be3 (21. Bb2 Bxd4 22. Qxd4
(22. Bxd4 Qxb3 23. Nd2 Qc2 $17) 22... Qxb3 23. Nd2 Qa4 24. Ne4) 21... Bxd4 22.
Qxd4 Qxb3 23. Nd2 Qa4 24. Ne4 {although in all cases Black is better.}) 19...
Rxc1 $1 {All over now. White must have missed this simple tactical
continuation.} 20. Qxc1 Qxd4 $19 21. Nd2 Nac3 22. Nf3 Qf4 23. Qb2 O-O 24. Rac1
Na4 25. Qe2 Nab6 26. Qd3 Qg4 27. Qe4 Qxe4 28. Rxe4 Rd8 29. Re2 Bc6 30. Rd2 Kg7
31. Rcd1 a6 32. Nd4 Ba4 33. Rc2 (33. Bxa4 Nxa4 34. Rc2 {is more stubborn,
although it wouldn't have changed the outcome.}) 33... Ne3 $1 ({Another
winning combination is} 33... Bxb3 34. Nxb3 Nxb4 $1 35. Rxd8 Nxc2 $19) 34.
Nxe6+ (34. fxe3 Bxb3 35. Nxb3 Rxd1+) 34... fxe6 35. Rxd8 Nxc2 0-1

[Event "BLR-ch 71st"]
[Site "Minsk"]
[Date "2005.03.13"]
[Round "10"]
[White "Zhigalko, Sergei"]
[Black "Tihonov, Jurij"]
[Result "0-1"]
[WhiteElo "2474"]
[BlackElo "2454"]
[Annotator "Rogozenco,D"]
[PlyCount "96"]
[EventDate "2005.03.04"]
[EventType "tourn"]
[EventRounds "13"]
[EventCountry "BLR"]
[EventCategory "9"]
[SourceTitle "CBM 106"]
[Source "ChessBase"]
[SourceDate "2005.06.06"]
[SourceVersion "1"]
[SourceVersionDate "2005.06.06"]
[SourceQuality "1"]

1. e4 c5 2. c3 d5 3. exd5 Qxd5 4. d4 Nf6 5. Nf3 e6 6. Be3 cxd4 7. cxd4 Bb4+ {
A fashionable variation. Black is willing to trade two pairs of light pieces
and then he wants to attack White's pawn center.} 8. Nc3 O-O 9. Bd3 b6 10. O-O
Bxc3 11. bxc3 Ba6 12. Bxa6 Nxa6 13. Qe2 Nb8 14. c4 Qe4 $11 15. Qb2 Nc6 {
Another possibility is to develop the knight to d7.} (15... Nbd7 16. a4 {
[%cal Ga4a5]}) 16. Rac1 Rac8 17. Rfd1 $146 (17. Rfe1 Qf5 18. h3 h6 19. Re2 Rc7
20. Qb5 Ne7 21. Ne5 Rfc8 22. Ree1 Ne4 23. Qa6 Nd5 24. cxd5 Rxc1 25. Rxc1 Rxc1+
26. Bxc1 Qxf2+ 27. Kh2 Qg3+ 28. Kg1 Qf2+ 29. Kh2 Qg3+ 30. Kg1 {1/2-1/2
Pavasovic,D-Sutovsky,E/Terme Zrece 2003}) 17... h6 18. h3 Rfd8 {Both sides
made "their" moves for this opening variation. The position is balanced.} 19.
a4 Qf5 20. Qb5 Qxb5 21. axb5 Na5 22. Nd2 $6 {As usual such passive moves bring
nothing good.} (22. c5 $142 $13 {[%cal Gf3e5] White creates a strong passed
pawn here, but his pawn chain won't be very stable. With the pawn on c6 Black
will have ...a7-a6 ideas. Besides, Black has a good square c5 for the knight.
The position is unclear.}) (22. Ne5 $5) 22... Ne8 $1 23. Rc3 $6 {After this
second inaccuracy White starts to feel uncomfortable.} (23. Rc2 Nd6 24. Rdc1
Rd7 25. Rb1 $5 $13 {[%cal Gc4c5]} Ndxc4 $140 $2 26. Rbc1 $18) (23. c5 Nc7 24.
Rb1 $13) 23... Nd6 24. Rdc1 Rd7 {White's pawns represent a perfect target for
attack and therefore Black's position is preferable. The intention of the
second player is to double rooks on the c-file. Then White will have two
possible defensive ideas. One is connected with Be3-f4, which with the rook on
c3 doesn't work because of ...Nd6xb5 attacking the rook. That's why White
should have placed the rook on c2, not c3. The second idea is after ...Rd7-c7
to answer Rc1-b1, protecting against ...Nd6xb5. Then if Black takes pawn c4,
White will double back the rooks on the c-file, pinning the knight on c4 and
threatening Be3-f4. In either case it's vital to have the resource Be3-f4.} 25.
Kf1 $4 {The worst possible move from the tactical point of view, which will
become clear after looking at concrete variations.} (25. R3c2 g5 $1 {[%csl Gf4]
} (25... Rdc7 26. Bf4 $1) 26. h4 f6 $1 27. f3 Rdc7 28. Rb1 Naxc4 29. Rbc1 Kf7
30. Bf2 e5 31. dxe5 fxe5 32. hxg5 hxg5 $17 {[%cal Gf7e6,Ge6d7]}) (25. h4 $1 $15
Rdc7 (25... Nf5 26. Nf3) 26. Rb1 $1 (26. Bf4 $2 Nxb5 $19) 26... Ndxc4 $140 27.
Rbc1 $16 {[%cal Ge3f4]}) (25. Rb1 $5 {[%cal Gc4c5]} Nf5 $1 26. c5 Nxd4 27. Bxd4
Rxd4 28. Nf3 Rd5 29. c6 $44 {[%csl Ra5]}) 25... Rdc7 $19 26. Bf4 ({Now} 26. Rb1
Ndxc4 27. Rbc1 {doesn't work any longer because Black takes on e3 or d2 with
check...}) 26... Nxb5 {[%csl Rc3]} 27. Rg3 Nxc4 {Again Black uses the fact
that the king is misplaced on f1.} 28. Bxc7 Nxd2+ 29. Ke2 Ne4 30. Rxg7+ Kf8 $1
(30... Kxg7 31. Be5+ f6 32. Rxc8 fxe5 33. dxe5 Nc5 {ia a more difficult win
than the game, since here White has an active rook.}) 31. Rh7 Rxc7 32. Rxc7
Nxc7 33. Rxh6 Kg7 $1 {[%csl Rh6]} 34. Rh4 (34. Rh5 a5 $19) 34... Nf6 35. Rf4 a5
36. Rf3 b5 37. Rc3 Nfd5 38. Rc6 a4 39. Kd2 b4 40. Rc5 Na8 41. Kc2 Nab6 42. g4
Nc3 43. h4 a3 44. Re5 a2 45. Re1 Nb1 46. Kb2 b3 47. Ka1 Na4 48. Re3 Nbc3 0-1

[Event "EU-ch 4th"]
[Site "Istanbul"]
[Date "2003.06.03"]
[Round "5"]
[White "Godena, Michele"]
[Black "Mastrovasilis, Dimitrios"]
[Result "1/2-1/2"]
[WhiteElo "2527"]
[BlackElo "2456"]
[Annotator "Rogozenco,D"]
[PlyCount "65"]
[EventDate "2003.05.30"]
[EventType "swiss"]
[EventRounds "13"]
[EventCountry "TUR"]
[SourceTitle "CBM 096"]
[Source "ChessBase"]
[SourceDate "2003.09.25"]
[SourceVersion "1"]
[SourceVersionDate "2003.09.25"]
[SourceQuality "1"]

1. e4 c5 2. Nf3 e6 3. c3 Nf6 4. e5 Nd5 5. Bc4 d6 6. d4 cxd4 7. cxd4 Nc6 8. O-O
Nb6 9. Bd3 dxe5 10. dxe5 Nb4 {This line leads to an endgame, where the most
Black can get is a draw after suffering.} 11. Be4 Qxd1 12. Rxd1 Bd7 (12... N4d5
13. a4 a5 14. Nc3 Nxc3 15. bxc3 $14) 13. Bxb7 Nc2 14. Bxa8 Nxa8 15. Nc3 Nxa1
16. Ne1 Nb6 {All this is known as bad for Black after the game
Sveshnikov-Filippov, Bled 2001.} (16... Bc5 17. Bf4 $16 {Itkis-Vasiesiu,
Targoviste 2001.}) 17. Bf4 $146 {Unnecessary novelty, although it still keeps
the advantage.} (17. Be3 Nc4 (17... Bb4 18. Bd4 $1) 18. Bd4 Nxb2 19. Rxa1 Nc4
20. Rb1 $1 $16 {1-0 Sveshnikov,E-Filippov,V/Bled 2001 (32)}) 17... Bb4 $1 18.
Rxa1 Ke7 (18... Bxc3 19. bxc3 Ke7 20. Be3 Rc8 21. Bd4 $14) 19. Bg5+ (19. Rc1
Rc8 $5 $44 (19... Bxc3 20. Rxc3 Nd5 $44)) (19. Ne4 $5 Nd5 20. Bd2 Bxd2 21. Nxd2
Rc8 $44) 19... f6 20. exf6+ gxf6 21. Bd2 Bc6 22. Nc2 Bd6 $44 {Black has some
compensation for the pawn thanks to the bishop pair; especially strong is the
light-squared bishop. It is very difficult for White to convert the extra pawn.
At some moment White must be able to enter the tactical complications,
otheriwise he won't make any progress.} 23. Nd4 Ba8 24. Re1 Kf7 (24... Be5 25.
Ncb5 $1 {[%cal Gd2b4]} (25. Nxe6 Kxe6 26. f4 Rg8 27. g3 Rd8 28. Bc1 Nc4 29.
fxe5 fxe5 $44)) 25. Ne4 ({White misses the opportunity to change the position
and achieve some progress:} 25. Nxe6 $5 Nc4 (25... Re8 26. Nd4) (25... Be5 26.
Ng5+ Kg6 27. Nge4 Rd8 28. Bc1 {Black is very active, but White has two extra
pawns, which secures him the advantage.}) (25... Rg8 26. g3 Nc4 27. Nb5 $1 Be5
28. Bc3 Kxe6 29. f4) 26. Nb5 $1 Be5 27. Bc3 Kxe6 (27... Rg8 28. g3 Kxe6 29. f4)
28. f4 $16) 25... Bb8 26. Nc5 e5 (26... Rg8 $5) 27. Nf5 Rd8 28. Bc1 (28. Bc3
Nd5 29. Ba5 Rc8 $44) 28... Kg6 29. Ne7+ (29. g4 $6 h5 $44) 29... Kf7 30. Nf5
Kg6 31. Nh4+ Kf7 32. Nf5 Kg6 33. Nh4+ 1/2-1/2

[Event "Olympiad-34"]
[Site "Istanbul"]
[Date "2000.10.30"]
[Round "3.3"]
[White "Slapikas, Vytautas"]
[Black "Sturua, Zurab"]
[Result "1-0"]
[WhiteElo "2430"]
[BlackElo "2594"]
[Annotator "Rogozenco,D"]
[PlyCount "67"]
[EventDate "2000.10.28"]
[EventType "team-swiss"]
[EventRounds "14"]
[EventCountry "TUR"]
[SourceTitle "EXT 2001"]
[Source "ChessBase"]
[SourceDate "2000.11.22"]
[SourceVersion "1"]
[SourceVersionDate "2000.11.22"]
[SourceQuality "1"]
[WhiteTeam "Lithuania"]
[BlackTeam "Georgia"]
[WhiteTeamCountry "LTU"]
[BlackTeamCountry "GEO"]

1. e4 c5 2. c3 Nf6 3. e5 Nd5 4. d4 cxd4 5. Qxd4 e6 6. Bc4 (6. Nf3 {is probably
worse, as after} Nc6 7. Qe4 f5 8. Qe2 Qc7 9. g3 d6 10. exd6 Bxd6 11. Bg2 O-O
12. O-O Nf6 {Black has a very comfortable position.}) 6... Nc6 7. Qe4 f5 8. Qe2
(8. exf6 $6 Nxf6 9. Qe2 d5 10. Bb5 Bd6 11. Nf3 O-O 12. O-O Qc7 {And we have a
French Defence structure with several tempis up for Black. 0-1 Slapikas,
V-Kveinys,A/Mezezers LAT 2000}) 8... Nde7 9. Nf3 Ng6 10. O-O Qc7 11. Re1 Be7 (
11... Ncxe5 12. Nxe5 Nxe5 13. Qxe5 Qxc4 14. Qxf5 $13) 12. a4 {This keeps the
possibility to play b2-b4 later.} (12. Bb3 b6 13. a4 Bb7 14. Na3 a6 15. Nc4 Na5
16. Nxa5 bxa5 $11 {1-0 Slapikas,V-Cmilyte,V/Mezezers LAT 2000 (71)}) 12... O-O
(12... Ncxe5 $2 13. Nxe5 Nxe5 14. Qxe5 Qxc4 15. Qxg7 $16) 13. Na3 a6 14. b4 {
White is slightly better thanks to the space advantage and the initiative on
the queenside.} b6 15. Bb3 Bb7 16. Nc4 b5 $5 17. axb5 axb5 18. Rxa8 Bxa8 19.
Nd6 $6 (19. Na3 Na7 20. Bd2 $13) 19... Ncxe5 $6 (19... Bxd6 $2 20. exd6 Qxd6
21. Rd1 Qc7 (21... Nf4 22. Qxb5 Qc7 23. Bxf4 Qxf4 24. Rxd7 Qc1+ 25. Qf1 Qxc3
26. Bxe6+ Kh8 27. b5 $16) 22. Rxd7 $1 $18) (19... Na7 $1 $132 {[%csl Rc3,Rd6,
Re5] After this cool response all of a sudden there are plenty of weaknesses
in White's position.}) 20. Nxe5 Nxe5 (20... Bxd6 21. Nxd7 $1 $16) 21. Nxb5 Qc6
22. f3 Nf7 (22... Bf6 23. c4 $14) 23. Bd2 Bf6 24. c4 Bb7 25. Be3 Ra8 26. Rd1
Qc8 $6 (26... Ba6 27. Na7 $140 $6 Qb7) (26... Ra1 $5 27. Rxa1 Bxa1 $14) 27. Qd2
Be7 $2 (27... Ra1 28. Rxa1 Bxa1 29. Nc3 {/\Qc1+/-.}) 28. Na7 Qb8 29. Qxd7 Bxb4
30. Qxe6 $18 f4 31. Rd7 Qe8 32. Qxe8+ Rxe8 33. Bf2 Rd8 $2 34. Rxb7 1-0

[Event "EU-ch 4th"]
[Site "Istanbul"]
[Date "2003.06.02"]
[Round "4"]
[White "Rublevsky, Sergei"]
[Black "Hulak, Krunoslav"]
[Result "1-0"]
[WhiteElo "2670"]
[BlackElo "2563"]
[Annotator "Rogozenco,D"]
[PlyCount "51"]
[EventDate "2003.05.30"]
[EventType "swiss"]
[EventRounds "13"]
[EventCountry "TUR"]
[SourceTitle "CBM 096"]
[Source "ChessBase"]
[SourceDate "2003.09.25"]
[SourceVersion "1"]
[SourceVersionDate "2003.09.25"]
[SourceQuality "1"]

1. e4 c5 2. Nf3 e6 3. c3 Nf6 4. e5 Nd5 5. Bc4 d6 6. d4 cxd4 7. cxd4 Nc6 8. O-O
Be7 9. Qe2 O-O 10. Rd1 {White has many other options here. The direct move 10.
Qe4 brings nothing, the preparatory 10.a3 has the drawback of weakening square
b3, which Black can use, moves 10.exd6 and 10.Nc3 are too committing, that's
why the game move, together with 10.Re1 remain probably the most flexible ways
to treat the position.} (10. Qe4 Bd7 11. Bd3 f5 12. exf6 Nxf6 $11) (10. a3 Qb6
$132 {[%csl Rb3,Rd4][%cal Gc6a5,Ga5b3]}) (10. exd6 Qxd6 $13) (10. Nc3 Nxc3 11.
bxc3 dxe5 $1 {[%csl Rc3] and White take with pieces on e5, in order to avoid
an ugly pawn structure.}) (10. Re1 $5 Na5 $13) 10... Qc7 {It's only logical to
remove the queen from the d-file after a move like Rd1, but in fact on c7 the
queen may also be too exposed. In my opinion better are the alternatives 10...
Bd7 and 10...Na5.} (10... Bd7) (10... Na5 {The most direct approach, hunting
the bishop, forces White to take concrete actions.} 11. Bxd5 (11. Bd3 Nb4)
11... exd5 12. Nc3 Be6 $11) 11. exd6 Bxd6 12. Nc3 Nce7 (12... Nxc3 $5 13. bxc3
e5 14. Ng5 (14. Qe4 $5 $13) 14... Bf5 $13 {1-0 Karpatchev,A-Mai,P/Baunatal
2002 (35)}) 13. Bd3 {An interesting decision, which worked out fine in the
game.} (13. Nb5 Qb6 14. Nxd6 Qxd6 $14) 13... Nf4 $6 {This helps White
comfortably to finish development.} ({Of course taking the pawn looks
dangerous, but it is worth attention and in fact is the only way to "punish"
White for the last move. For instance:} 13... Nxc3 14. bxc3 Qxc3 15. Ng5 (15.
Bb2 Qa5) (15. Bd2 Qc7 16. Rac1 Qd8) 15... Nf5 16. Bb2 Qc7 17. Qh5 h6 {and
White still has to prove compensation for the pawn.}) (13... Bd7 {[%cal Gd7c6]
would have been another logical continuation.}) 14. Bxf4 Bxf4 15. Ne5 $1 (15.
Qe4 Ng6 $13) 15... g6 (15... Ng6 16. Bxg6 hxg6 17. Rd3 $40) 16. Qe4 Bh6 17. Qh4
Bg7 18. Ne4 {Bringing more pieces to the kingside. It is amazing how quickly
Black collapsed from this position.} Nf5 $6 (18... Nd5 19. Ng4 (19. Bc4 Qd8 20.
Qg3 b6 $11) 19... Bd7 $14 (19... f5 $5 20. Ng5 h5 21. Ne5 (21. Ne3 Bf6 {
[%csl Rg5]}) 21... Bxe5 22. dxe5 Qxe5 {and again White must prove clear
compensation for the pawn.})) 19. Nf6+ Bxf6 20. Qxf6 Qd8 (20... Nxd4 21. Ng4
Nf5 22. Bxf5 $18) (20... Qe7 $5 21. Qxe7 Nxe7 22. Rac1 Nd5 23. Be4 $14 {/+/-})
21. Qxd8 Rxd8 22. Rac1 Rxd4 $2 {Last mistake in a difficult position.} (22...
Nxd4 23. Rc7 f5 (23... f6 24. Ng4 Rf8 25. Bc4 $16) (23... Nc6 24. Nxf7 Rd7 25.
Rxd7 Bxd7 26. Bxg6 $5 Be8 27. Nh6+ Kg7 28. Bxe8 Kxh6 29. Bxc6 bxc6 30. Rd6 $18)
24. f4 {with a complete domination.} Nb5 (24... Nc6 25. Nxc6 bxc6 26. Be2 Rd5
27. Bf3 Rxd1+ 28. Bxd1 $18) 25. Re7 $16 {[%cal Gd1c1]}) (22... Bd7 23. Rc7 Be8
24. Bxf5 gxf5 25. Rxb7 a5) (22... Bd7 23. Rc7 Be8 24. Bxf5 gxf5 25. Rxb7 a5 {
White must be able to convert his extra pawn, but of course Black retains more
chances than in the game.}) (22... f6 $1 {This is Black's best try.} 23. Ng4
Kf7 24. Rc7+ Rd7 25. Rdc1 Ne7 $1 {and White has nothing concrete:} 26. Bb5 (26.
h3 Rxd4) (26. Nh6+ Kf8 (26... Kg7 $5 27. Rxd7 Bxd7 28. Rc7 Rd8) 27. Rxd7 Bxd7
28. Rc7 Bc6 {[%csl Rc7][%cal Gf8e8,Ge8d8]}) 26... Rxd4 $1 (26... Rxc7 27. Rxc7
h5 28. Ne3 $16) 27. Nh6+ Kf8 28. Ng8 $5 {An amazing move, but it brings
nothing:} Nxg8 29. Rxc8+ (29. Rxh7 $2 Ne7 30. Rc7 Rd1+ 31. Bf1 Rd7 $19) 29...
Rxc8 30. Rxc8+ Kf7 31. Rc7+ Ne7 32. Rxb7 Rd1+ 33. Bf1 a5 $11 {[%cal Gd1d5]})
23. Bxf5 {Now White wins a piece by force.} Rxd1+ 24. Rxd1 gxf5 (24... exf5 {
Changes nothing, of course:} 25. Rd8+ Kg7 26. Nc4 $18) 25. Rd8+ Kg7 26. Nc4 (
26. Nc4 b6 27. Nd6 Bb7 28. Nxb7 $18) 1-0

[Event "Olympiad-34"]
[Site "Istanbul"]
[Date "2000.10.30"]
[Round "3.1"]
[White "Ghaem Maghami, Ehsan"]
[Black "Milos, Gilberto"]
[Result "0-1"]
[WhiteElo "2488"]
[BlackElo "2633"]
[Annotator "Rogozenco,D"]
[PlyCount "52"]
[EventDate "2000.10.28"]
[EventType "team-swiss"]
[EventRounds "14"]
[EventCountry "TUR"]
[SourceTitle "EXT 2001"]
[Source "ChessBase"]
[SourceDate "2000.11.22"]
[SourceVersion "1"]
[SourceVersionDate "2000.11.22"]
[SourceQuality "1"]
[WhiteTeam "Iran"]
[BlackTeam "Brazil"]
[WhiteTeamCountry "IRI"]
[BlackTeamCountry "BRA"]

1. e4 c5 2. c3 Nf6 3. e5 Nd5 4. d4 cxd4 5. Nf3 e6 6. cxd4 d6 7. Bc4 Nc6 8. Qe2
Be7 9. O-O O-O 10. Nc3 Nxc3 11. bxc3 dxe5 12. dxe5 Qa5 $1 13. Rb1 Qxc3 {
The practice has shown several times that Black is able to defend. So the pawn
sac is rather dubious.} 14. Rb3 Qa5 15. Qe4 Rd8 16. Bg5 h6 $1 17. Bc1 {This
move is a new one, but it does not change the evaluation of the line.} (17. Be3
Qa4 18. Rc3 Rd1 19. Rxd1 Qxd1+ 20. Bf1 Qd5 $17 {0-1 Godena,M-Milov,V/SWZ 1999 
(37)}) (17. Bxe7 Nxe7 18. Nd4 (18. Bd3 Ng6 $17) 18... Qc5 19. Nb5 Ng6 20. Re1
a6 21. Na3 Bd7 22. Rg3 Bc6 23. Qe2 Rd4 24. Rxg6 fxg6 25. Bxe6+ Kh7 {0-1 Manca,
F-Cvitan,O/Nova Gorica 1997}) 17... Qa4 $1 $17 18. Qe2 (18. Bd3 Qxe4 19. Bxe4
Na5 20. Rb1 Rb8 $17) 18... a6 (18... Na5 19. Bb5) 19. Re3 Nd4 (19... b5 20. Bb3
Qg4 21. Re4 Qg6 22. Bc2 {[%csl Rg6]}) 20. Nxd4 Rxd4 21. Bb3 Qb5 22. Qh5 $2 (22.
Qxb5 axb5 23. Bb2 Rd2 {Black is better, but this was White's best chance to
try to escape.}) 22... Bd7 23. Rf3 $6 Be8 24. a4 $2 Qe2 $19 25. Bxe6 Rd1 (25...
fxe6 $4 26. Rf8+ Bxf8 27. Qxe2 $13) 26. Bxf7+ Kh8 0-1